35 TECHNIQUES EVERY Counselor should Know اسلوبا على كل مرشد معرفتها (Record no. 31165)
[ view plain ]
| 000 -LEADER | |
|---|---|
| fixed length control field | 01024nam a2200229Ii 4500 |
| 003 - CONTROL NUMBER IDENTIFIER | |
| control field | JO-AjNU |
| 008 - FIXED-LENGTH DATA ELEMENTS--GENERAL INFORMATION | |
| fixed length control field | 230605s9999||||xx |||||||||||||| ||und|| |
| 017 ## - COPYRIGHT OR LEGAL DEPOSIT NUMBER | |
| Copyright or legal deposit number | 2012/4/1474 |
| 020 ## - INTERNATIONAL STANDARD BOOK NUMBER | |
| International Standard Book Number | 879-7599-445-05-8 |
| 040 ## - CATALOGING SOURCE | |
| Original cataloging agency | JO-AjNU |
| Language of cataloging | ara |
| Description conventions | rda |
| Transcribing agency | JO-AjNU |
| 041 ## - LANGUAGE CODE | |
| Language code of text/sound track or separate title | ara |
| 050 14 - LIBRARY OF CONGRESS CALL NUMBER | |
| Classification number | LB1027.5 2012 |
| 100 3# - MAIN ENTRY--PERSONAL NAME | |
| Personal name | تاليف ارفورد، برادلي ت، م.مشارك سوزان ايفر، م.مشارك املي م. برينت، م.مشارك كاترين ا. ينج؛ ترجمة هالة فاروق المسعود؛ مراجعة رياض ملكوش, |
| Relator term | author |
| 9 (RLIN) | 61100 |
| 245 00 - TITLE STATEMENT | |
| Title | 35 TECHNIQUES EVERY Counselor should Know اسلوبا على كل مرشد معرفتها |
| 250 ## - EDITION STATEMENT | |
| Edition statement | ط1 |
| 264 31 - PRODUCTION, PUBLICATION, DISTRIBUTION, MANUFACTURE, AND COPYRIGHT NOTICE | |
| Place of production, publication, distribution, manufacture | عمان: دار الراية للنشر والتوزيع، 2012 |
| 300 ## - PHYSICAL DESCRIPTION | |
| Extent | 593ص |
| 336 ## - CONTENT TYPE | |
| Content type term | text |
| Content type code | txt |
| Source | rdacontent |
| 337 ## - MEDIA TYPE | |
| Media type term | unmediated |
| Media type code | n |
| Source | rdamedia |
| 338 ## - CARRIER TYPE | |
| Carrier type term | volume |
| Carrier type code | nc |
| Source | rdacarrier |
| 650 #4 - SUBJECT ADDED ENTRY--TOPICAL TERM | |
| Topical term or geographic name entry element | اساليب الارشاد/العلاج النفسي/علم النفس الارشادي |
| 9 (RLIN) | 61101 |
| Withdrawn status | Lost status | Source of classification or shelving scheme | Damaged status | Not for loan | Home library | Current library | Shelving location | Date acquired | Total Checkouts | Full call number | Barcode | Date last seen | Price effective from | Koha item type |
|---|---|---|---|---|---|---|---|---|---|---|---|---|---|---|
| Library of Congress Classification | مكتبة جامعة عجلون الوطنية | مكتبة جامعة عجلون الوطنية | المجموعات العامة | 06/06/2023 | LB1027.5 2012 | A27597 | 06/06/2023 | 06/06/2023 | Books |